| 000 | 00631nam a2200181 a 4500 | ||
|---|---|---|---|
| 003 | 0 | ||
| 005 | 20250328124633.0 | ||
| 008 | 071127s19uu xx 00 eng d | ||
| 050 |
_aPHS LB 1062.6 _b.V55 2007 |
||
| 100 | _aVillanueva, John Richard. | ||
| 245 |
_aLevels of emotional intelligence and academic performance / _cJohn Richard Villanueva. |
||
| 260 |
_aLas PiƱas City, Philippines : _bSouthville International School and Colleges, _c2007. |
||
| 300 |
_a20 pages ; _c28 cm. |
||
| 504 | _aIncludes bibliographical references. | ||
| 650 | _aEmotional intelligence. | ||
| 650 | _aAcademic achievement. | ||
| 942 |
_2lcc _cPASS |
||
| 999 |
_c97890 _d97890 |
||